تقويم منهج التربية الدينية الاسلامية للصف الأول الاعدادى بالتعليم العام /
Saved in:
| 主要作者: | |
|---|---|
| 其他作者: | |
| 格式: | Thesis |
| 语言: | Arabic |
| 出版: |
القاهرة
: جامعة الأزهر، كلية التربية،
1983
|
| 主题: | |
| 标签: |
添加标签
没有标签, 成为第一个标记此记录!
|
| LEADER | 015220000a22003010004500 | ||
|---|---|---|---|
| 001 | 88401 | ||
| 005 | 20021114221100.0 | ||
| 008 | 940129s1983 ara | ||
| 035 | |a 294649 | ||
| 035 | |a (Sirsi) 88401 | ||
| 040 | |a UIAM |b eng | ||
| 043 | |a f-ua--- | ||
| 049 | |b m | ||
| 050 | |a BP43E32 | ||
| 100 | 1 | |a حمروش، عبد مجيد سليمان | |
| 245 | 1 | 0 | |a تقويم منهج التربية الدينية الاسلامية للصف الأول الاعدادى بالتعليم العام / |c بحث مقدم من عبد المجيد سليمان حمروش؛ اشراف محمد سيف الدين فهمى؛ على أحمد مدكور |
| 246 | 1 | 3 | |a Taqwim manhaj al-tarbiyah al-diniyah al-Islamiyah lil-saff al-awwal al-i'dad i bi-al-ta'lim al-'amm / |c bahth muqaddam min 'Abd al-Majid Sulayman Hamrush ; ishraf Muhammad Sayf al-Din Fahmi, 'Ali Ahmad Madkur |
| 260 | 1 | |a القاهرة |b : جامعة الأزهر، كلية التربية، |c 1983 | |
| 300 | |a 261,13 p. | ||
| 502 | |a M. A. - Jami'at al-Azhar, Kulliyat al-Tarbiyah, Qism al-Manahij wa Turuq al-Tadris, 1983 | ||
| 596 | |a 1 | ||
| 650 | 0 | |a Islamic religious education, Secondary |x Curricula |z Egypt | |
| 650 | 0 | |a Islamic education, Secondary |x Curricula |z Egypt | |
| 655 | 0 | 7 | |a Theses, non-IIUM |
| 700 | 1 | |a Hamrush, 'Abd al-Majid Sulayman | |
| 900 | |a checked a r r 230394 | ||
| 999 | |c 430511 |d 462002 | ||
| 952 | |0 0 |6 T BP 000043 E32H232T |7 0 |8 THESES |9 749771 |a IIUM |b IIUM |c MULTIMEDIA |g 0.00 |o t BP43E32H232T |p 00000294663 |r 2017-10-17 |t 1 |v 0.00 |y THESIS | ||
